00000000cam 2200000zi 4500
0019.957956
003CaOODSP
00520260605130134
006m     o  d f      
007cr mn|||||||||
008251203t20252025onc     ofb  f000 0 eng d
020 |a9780660975634
040 |aCaOODSP|beng|erda|cCaOODSP
043 |an-cn---
0861 |aBT33-4/4-2025E-PDF
24500|aTreasury Board submissions for Crown corporations.
264 1|aOttawa, Ontario : |bTreasury Board of Canada Secretariat = Secrétariat du Conseil du trésor du Canada, |c2025.
264 4|c©2025
300 |a1 online resource (7 pages)
336 |atext|btxt|2rdacontent
337 |acomputer|bc|2rdamedia
338 |aonline resource|bcr|2rdacarrier
500 |aCover title.
500 |aIssued also in French under title: Présentations au Conseil du Trésor pour les sociétés d'État.
500 |a"Published: 2025-11-17."
504 |aIncludes bibliographical references (page 5).
61010|aCanada. |bTreasury Board|xRules and practice.
650 0|aProposal writing in public contracting|zCanada|vHandbooks, manuals, etc.
655 7|aHandbooks and manuals|2lcgft
7101 |aCanada. |bTreasury Board, |eissuing body.
77508|tPrésentations au Conseil du Trésor pour les sociétés d'État.|w(CaOODSP)9.957957
795 |tGuide to Treasury Board submissions prepared on behalf of Crown Corporations (update).|b2024|w(CaOODSP)9.933863
85640|qPDF|s867 KB|uhttps://publications.gc.ca/collections/collection_2026/sct-tbs/BT33-4-4-2025-eng.pdf
8564 |qHTML|sN/A|uhttps://www.canada.ca/en/treasury-board-secretariat/services/treasury-board-submissions/guidance-for-drafters-of-treasury-board-submissions/guide-tbs-submissions-crown-corporations.html